00566nam a2200157Ia 4500008004000000041000800040082001000048100004000058245008000098260005300178300000700231690002000238906001100258999001700269952012200286210210b2000 xxu||||| |||| 00| 0 eng d aeng a060/6 aALL INDIA CONFERENCE OF LIBRARIANS. aProceedings of the All India conferernce of librarians held at Lahore,1918. aLahorebAll India Conference of Librariansc2000 a18 aLibrary Science a000420 c76935d76935 001040748Library ScienceaALbALcReportsd2021-02-17g0.00l0o060/6p000420r2021-02-17 00:00:00w2021-02-17yBK